Flags of the Countries that Start with N - Statistics

General Stats
  • This quiz has been taken 11,890 times
    10,858 since last reset
  • The average score is 10 of 11
Answer Stats
Picture Answer % Correct
Norway
99%
New Zealand
98%
Nepal
97%
Netherlands
97%
North Korea
95%
Nigeria
93%
Niger
90%
North Macedonia
89%
Nicaragua
84%
Nauru
78%
Namibia
75%
No matching quizzes found
Score Distribution
Percent of People with Each Score
Percentile by Number Answered
Your Score History
You have not taken this quiz since the last reset